Statistics for 2018: NFL Teams with the Most Points

Click here to take the quiz!

General Stats

  • This quiz has been taken 14 times
  • The average score is 9 of 10

Answer Stats

Number of pointsNFL Team% Correct
565Kansas City Chiefs
100%
527Los Angeles Rams
100%
436New England Patriots
100%
421Chicago Bears
92%
428Los Angeles Chargers
92%
428Pittsburgh Steelers
92%
428Seattle Seahawks
83%
504New Orleans Saints
75%
414Atlanta Falcons
67%
433Indianapolis Colts
67%

Score Distribution

Percentile by Number Answered

Percent of People with Each Score

Your Score History

You have not taken this quiz